| 000 | 00760nam a2200229 i 4500 | ||
|---|---|---|---|
| 001 | bg | ||
| 100 | 1 | _aGRUDZIŃSKI, Eugeniusz | |
| 245 | 1 | 0 |
_aWytwarzanie i pomiar wzorcowych pól elektromagnetycznych / _cEugeniusz Grudziński. |
| 260 |
_aWrocław : _bOficyna Wydawnicza Politechniki Wrocławskiej, _c1998. |
||
| 300 |
_a178 s. : _bfot., rys., wykr. ; _c24 cm. |
||
| 490 | 1 | _aBiblioteka Kompatybilności Elektromagnetycznej | |
| 504 | _aBibliogr. s. 164-178. | ||
| 650 | 9 |
_aPole elektromagnetyczne _xzagadnienia |
|
| 830 | _aBiblioteka Kompatybilności Elektromagnetycznej | ||
| 020 | _a8370853560 | ||
| 040 | _cBPK | ||
| 041 | 0 | _apol | |
| 080 | _a537.612.08 | ||
| 920 | _a83-7085-356-0 | ||
| 942 | _cKS | ||
| 008 | s pl f |000 0 pol | ||
| 999 |
_c34516 _d34516 |
||
| 856 |
_uhttp://koha.tu.koszalin.pl/cgi-bin/koha/opac-detail.pl?biblionumber=34516 _yKatalog online BPK |
||